000 00832nam a22002537a 4500
005 20250507143007.0
008 250507b |||||||| |||| 00| 0 eng d
020 _a978-1-03-221012-4 (pbk)
037 _cTB
040 _aCRL
_cCRL
041 _2eng
_aeng
084 _aX8.1 R3
_qCRL
245 _aInternational organization and global governance
250 _a3rd ed.
260 _aLondon, UK:
_bRoutledge,
_c2023.
300 _axxxii, 811p.
365 _b43.99
_cUKP
650 _aEconomics
650 _aInternational Organization
700 _aWeiss, Thomas G.
_eEditor
700 _aWilkinson, Rorden
_eEditor
942 _2CC
_cTB
_e3rd ed.
_hX8.1 R3
_n0
999 _c1320326
_d1320326